| 000 | 00636nam a2200217 a 4500 | ||
|---|---|---|---|
| 001 | 000032935 | ||
| 003 | DO-SdBNP | ||
| 005 | 20220916112145.0 | ||
| 007 | ta | ||
| 008 | 110802s1930 dr r 000 p spa d | ||
| 040 |
_aDO-SdBNP _bspa _cBNPHU |
||
| 082 |
_axxxx _bG993s |
||
| 100 |
_aGuzmán, F. Benjamín _923793 |
||
| 245 | 1 | 0 |
_aEn la senda del excidio / _cF. Benjamin Guzmán. ; prólogo de Antonio Mirabal. |
| 260 |
_aSantiago, República Dominicana : _bAlfa, _c1930. |
||
| 300 |
_a[160] ; _c23 cm. |
||
| 590 | _aInventariado, 2022/ YL | ||
| 700 | 1 |
_aMirabal, Antonio, _epról. _958511 |
|
| 910 | _aYLockward | ||
| 942 |
_2ddc _cLBS1 |
||
| 999 |
_c32426 _d32426 |
||